000 00336nam a2200133Ia 4500
008 190216s9999||||xx |||||||||||||| ||und||
100 _a"Manicavachagom Pillay, Natarajan Nad Ganapathy"
245 0 _aMathematics Volume 2
250 _aFIRST
260 _bViswanathan S.
_c2000
300 _a268
650 _aMathematics
942 _cBK
999 _c30527
_d30527